000 01107nam0a22002651 4500
001 rc\1022279
005 20041129102630.4
035 _a(NLR Aleph) 006186819
090 _a6124117
_c6124117
100 _a20041129d1981 u |0rusy50 ca
101 0 _arus
102 _aRU
105 _ay |||||||||
200 1 _aОчистка углеводородных газов от сероводорода
_f[Романова Г.Я., Галеева Р.Г., Дияров И.Н. и др.]
210 _aМ.
_cВНИИОЭНГ
_d1981
215 _a43 с.
_d20
225 1 _aНефтяная промышленность
_iСерия "Нефтепромысловое дело"
_eОбзор. информ.
_fВНИИ орг., упр. и экономики нефтегазовой пром-сти
_vВып. 11
300 _aВ надзаг. также: М-во нефт. пром-сти
320 _aБиблиогр.: с. 39-41
701 1 _aРоманова
_bГ. Я.
_gГалина Яковлевна
801 0 _aRU
_bNLR
_gpsbo
801 1 _aRU
_bELAR
_2rusmarc
852 _aNLR
_jП10/5848
942 _cBOOK
980 _aNB